00514nam a2200133Ia 4500008004100000100001800041245011800059245004800177260005300225260001800278300000800296650001500304856006100319170221s9999 xx 000 0 und d aDilek Atçı 4aThe Impacts of Hosting Major Sporting Events: Resident’s Perceptions of the Mediterranean Games 2013 in Mersin  cDilek Atçı, Kamil Unur, Doğan Gürsoy bInternational Review of Management and Marketing cNovember 2012 a1:2 xMarketing. uhttp://www.econjournals.com/index.php/irmm/issue/view/64